| 000 | 00884nmm a2200277 a 4500 | ||
|---|---|---|---|
| 001 | ocm0002015408 | ||
| 003 | TR-IsHL | ||
| 005 | 20201028175451.0 | ||
| 008 | 181028s2014 tu tur | ||
| 007 | cr cn | ||
| 020 | _a9786055988944 | ||
| 035 |
_a2015408 _b(N$T) |
||
| 050 | 0 | 4 |
_aPL67.9.K47 _bK35 2014 |
| 090 | 0 | 4 |
_aPL67.9.K47 _bK35 2014 |
| 100 | 1 | _aKallimci, Hasan | |
| 245 | 1 | 0 |
_aÖnce hürriyet: Karaçay Türklerinin göç hikayesi _h[electronic resource] / _cHasan Kallimci |
| 250 | _a1. Baskı | ||
| 260 |
_aAnkara : _bBengü Yayınları, _c2014 |
||
| 300 | _a114 p. | ||
| 650 | 4 | _aTarih | |
| 650 | 4 | _aHistory | |
| 650 | 0 | _aKaraçay Türkleri | |
| 650 | 0 | _aKarachay (Turkic people) | |
| 650 | 7 |
_aHISTORY / Russia & the Former Soviet Union _2bisacsh |
|
| 856 | 4 | 0 | _uhttp://search.ebscohost.com/login.aspx?direct=true&scope=site&db=e011xww&AN=2015408 |
| 999 |
_c18683 _d18683 |
||